000 00214nam a22000857a 4500
999 _c4743
_d4743
008 161208b xxu||||| |||| 00| 0 eng d
020 _a978817869218
100 _91948
_aMehta.N.
245 _a101 Vegetarian Recipes
260 _aNew Delhi
_bSnas
_c2011